00572nam a2200169 a 4500008004100000020002200041100001800063245011900081260006600200300004900266500002000315650002000335700002000355003000100375005001700376040000900393  a0805304665 (pbk.)1 aCapron, H. L.10aUsing microcomputers :ba complete introduction /cH. L. Capron, Ralph E. Duffy ; illustrated by George Samuelson. aRedwood City, Calif. :bBenjamin/Cummings Publishing,cc1989. axxiii, 548 p. :bill. (some col.) ;c26 cm.  aIncludes index. 0aMicrocomputers.1 aDuffy, Ralph E.20230123133154.0 cNUST